000 00373pab a2200169 454500
008 180718b2014 xxu||||| |||| 00| 0 eng d
100 _aMohan, Saumitra
245 _aNREGS: Need for reinvigoration
260 _c2014
300 _ap.31-32.
362 _a1 Nov
650 _aNREGS
650 _aEmployment
773 _aMainstream
908 _aN
909 _a106209
999 _c106204
_d106204